000
00252 a2200097 4500
001
37475
100
_a
Pintn M Alderton
245
_a
English Grammar Composition and Corporation
260
_a
New Delhi
_b
S Chand and Company
_c
090
_c
23938
_d
23938
942
_a
NUST-CAE
_c
M
_c
15489
999
_c
272548
_d
272548